Seerat-un-Nabi (S.A.W) (Vol II) (Record no. 7850)

000 -LEADER
fixed length control field 00367 a2200121 4500
082 ## - DEWEY DECIMAL CLASSIFICATION NUMBER
Classification number 297.63
100 ## - MAIN ENTRY--PERSONAL NAME
Personal name Nomani, Allama Shibili
245 ## - TITLE STATEMENT
Title Seerat-un-Nabi (S.A.W) (Vol II)
Statement of responsibility, etc. Allama Shibili Nomani & S. Sulaman Nadvi
260 ## - PUBLICATION, DISTRIBUTION, ETC.
Place of publication, distribution, etc. Rawalpindi:
Name of publisher, distributor, etc. Maktaba islami,
Date of publication, distribution, etc. 2002.
300 ## - PHYSICAL DESCRIPTION
Extent 614 p. ;
Dimensions 25 cm.
650 ## - SUBJECT ADDED ENTRY--TOPICAL TERM
Topical term or geographic name entry element Muhammad (S.A.W.), Prophet.
942 ## - ADDED ENTRY ELEMENTS (KOHA)
Koha item type Book
Call number prefix 297.63 NOM
Holdings
Withdrawn status Lost status Damaged status Not for loan Collection code Permanent Location Current Location Shelving location Date acquired Source of acquisition Cost, normal purchase price Total Checkouts Total Renewals Full call number Barcode Checked out Date last seen Date last checked out Price effective from Koha item type
          Central Library (CL) Central Library (CL) General Stacks 10/28/2002 New Public Books 250.00 4 3 297.63 NOM SEECS002618 05/11/2026 04/11/2026 04/11/2026 01/05/2017 Book
© 2023 Central Library, National University of Sciences and Technology. All Rights Reserved.